Sťahovanie z internetu a legalita zdroja
Trestnoprávna zodpovednosť za nelegálne vyhotovenie rozmnoženimy pre osobnú potrebu zverejneného diela. Autorský zákon v súvislosti s možnosťou vyhotovenia rozmnoženín zverejnených diel fyzickými osobami pri splnení niekoľkých podmienok.
Salvato in:
| Autore principale: | |
|---|---|
| Natura: | Capitolo di libro |
| Lingua: | slovacco |
| Soggetti: | |
| Tags: |
Nessun Tag, puoi essere il primo ad aggiungerne!!
|
MARC
| LEADER | 00000naa a2200000 4500 | ||
|---|---|---|---|
| 001 | 0196969 | ||
| 005 | 20230908073952.7 | ||
| 041 | 0 | |a slo | |
| 044 | |a SK | ||
| 245 | 1 | 0 | |a Sťahovanie z internetu a legalita zdroja |c Richard Bednárik |
| 520 | |a Trestnoprávna zodpovednosť za nelegálne vyhotovenie rozmnoženimy pre osobnú potrebu zverejneného diela. Autorský zákon v súvislosti s možnosťou vyhotovenia rozmnoženín zverejnených diel fyzickými osobami pri splnení niekoľkých podmienok. | ||
| 610 | 2 | 0 | |a diela autorské |
| 610 | 2 | 0 | |a ochrana autorstva |
| 610 | 2 | 0 | |a vlastníctvo duševné |
| 610 | 2 | 0 | |a ochrana informácií |
| 610 | 2 | 0 | |a internet |
| 610 | 2 | 0 | |a zodpovednosť trestná |
| 100 | 1 | |a Bednárik, Richard | |